ბათუმის შოთა რუსთაველის სახელმწიფო უნივერსიტეტის ბიბლიოთეკა

Теорическая и математичемкая физика. №1. Том 176. 2013. (ბიბ.ჩანაწერი № 41010)

000 -LEADER
fixed length control field 00476nam a2200169Ia 4500
001 - CONTROL NUMBER
control field 7658
003 - CONTROL NUMBER IDENTIFIER
control field GE_BSU
008 - FIXED-LENGTH DATA ELEMENTS--GENERAL INFORMATION
fixed length control field 181216s||||||||xx |||||||||||||| ||und||
040 ## - CATALOGING SOURCE
Transcribing agency GE_BSU
245 ## - TITLE STATEMENT
Title Теорическая и математичемкая физика. №1. Том 176. 2013.
245 ## - TITLE STATEMENT
Statement of responsibility, etc. гл. ред. А.А.Логунов и др.
260 ## - PUBLICATION, DISTRIBUTION, ETC.
Place of publication, distribution, etc. москва.
260 ## - PUBLICATION, DISTRIBUTION, ETC.
Name of publisher, distributor, etc. наука.
260 ## - PUBLICATION, DISTRIBUTION, ETC.
Date of publication, distribution, etc. 2013.июль.
300 ## - PHYSICAL DESCRIPTION
Extent 159ст;24см.
942 ## - ADDED ENTRY ELEMENTS (KOHA)
Koha item type პერიოდიკა

არაა ხელმისაწვდომი ეგზემპლარები.